[Event "NED-chT"]
[Site "Netherlands"]
[Date "1998.??.??"]
[Round "?"]
[White "Nijboer, Friso"]
[Black "Gelpke, Peter"]
[Result "1-0"]
[WhiteElo "2580"]
[BlackElo "2405"]
[PlyCount "83"]
[EventDate "1998.??.??"]
[EventType "team"]
[EventRounds "9"]
[EventCountry "NED"]
[SourceTitle "EXT 2007"]
[Source "ChessBase"]
[SourceDate "2006.11.23"]
[SourceVersion "1"]
[SourceVersionDate "2006.11.23"]
[SourceQuality "1"]

1. e4 c5 2. Nf3 d6 3. d4 cxd4 4. Nxd4 Nf6 5. Nc3 a6 6. Be3 Nc6 7. h3 Bd7 8. g4 Nxd4 9. Qxd4 Bc6 10. Bg2 e6 11. 0-0-0 Qa5 12. Kb1 h6 13. Rhe1 Be7 14. f4 Nd7 15. Nd5 Bxd5 16. exd5 e5 17. Qe4 0-0 18. g5 f5 19. Qf3 hxg5 20. fxg5 Rac8 21. Qh5 Rc4 22. Bf1 Ra4 23. a3 Qd8 24. c4 Qc8 25. Qg6 Qe8 26. Qxe8 Rxe8 27. Bd2 Bd8 28. Ka2 Ba5 29. b4 Bd8 30. Kb3 b5 31. cxb5 axb5 32. Bxb5 Ra7 33. Be3 Rc7 34. Rc1 Re7 35. Rxc7 Bxc7 36. a4 Kf8 37. a5 f4 38. Bf2 Bd8 39. Bxd7 Rxd7 40. a6 Bxg5 41. a7 Rd8 42. b5 1-0

[Event "NED-chT 9596"]
[Site "Netherlands"]
[Date "1995.??.??"]
[Round "?"]
[White "Gelpke, Peter"]
[Black "Brenninkmeijer, Joris"]
[Result "1/2-1/2"]
[WhiteElo "2420"]
[BlackElo "2490"]
[PlyCount "140"]
[EventDate "1995.??.??"]
[EventType "team"]
[EventRounds "9"]
[EventCountry "NED"]
[SourceTitle "EXT 1999"]
[Source "ChessBase"]
[SourceDate "1998.11.16"]
[SourceVersion "1"]
[SourceVersionDate "1998.11.16"]
[SourceQuality "1"]

1. d4 Nf6 2. Nf3 g6 3. c4 Bg7 4. Nc3 0-0 5. e4 d6 6. h3 c5 7. d5 b5 8. cxb5 a6 9. bxa6 Bxa6 10. Bxa6 Rxa6 11. 0-0 Nbd7 12. Qe2 Qa8 13. Bf4 Rb6 14. Rac1 Qa6 15. Rfe1 Qxe2 16. Rxe2 Ra8 17. Rcc2 Nh5 18. Bc1 Kf8 19. g3 Nhf6 20. Kg2 Ne8 21. Bf4 h6 22. Be3 Nc7 23. Nd2 f5 24. exf5 gxf5 25. Nf3 Bxc3 26. bxc3 Nxd5 27. Bxh6+ Kf7 28. Nh4 Kf6 29. f4 e6 30. Bg5+ Kf7 31. c4 N5f6 32. Bxf6 Nxf6 33. Nf3 Ne4 34. Nd2 Nxd2 35. Rexd2 Rba6 36. Rb2 Ke7 37. Rb7+ Kf6 38. Rd7 Rxa2 39. R7xd6 R8a4 40. Rxa2 Rxa2+ 41. Kf3 Rc2 42. Rd3 Rxc4 43. g4 Rc1 44. Re3 c4 45. gxf5 exf5 46. Ke2 Rc2+ 47. Ke1 Rb2 48. Rc3 Rb4 49. Re3 Rb3 50. Kd2 Kg6 51. Re6+ Kh5 52. Re5 Rd3+ 53. Kc2 Kg6 54. Re6+ Kf7 55. Rc6 Rxh3 56. Rxc4 Kg6 57. Rc8 Rf3 58. Kd2 Kh5 59. Ke2 Kg4 60. Rc4 Kg3 61. Ra4 Kg2 62. Rb4 Kg3 63. Ra4 Rb3 64. Rc4 Rb2+ 65. Ke3 Rb8 66. Ke2 Re8+ 67. Kf1 Kf3 68. Rc3+ Kxf4 69. Kf2 Re4 70. Rf3+ Ke5 1/2-1/2

[Event "NED-chT 9596"]
[Site "Netherlands"]
[Date "1995.??.??"]
[Round "?"]
[White "Peek, Marcel"]
[Black "Gelpke, Peter"]
[Result "1-0"]
[WhiteElo "2335"]
[BlackElo "2420"]
[PlyCount "73"]
[EventDate "1995.??.??"]
[EventType "team"]
[EventRounds "9"]
[EventCountry "NED"]
[SourceTitle "EXT 1999"]
[Source "ChessBase"]
[SourceDate "1998.11.16"]
[SourceVersion "1"]
[SourceVersionDate "1998.11.16"]
[SourceQuality "1"]

1. d4 g6 2. c4 Bg7 3. e4 d6 4. Nf3 Bg4 5. Be2 c5 6. d5 e6 7. 0-0 exd5 8. cxd5 Nf6 9. Nfd2 Bxe2 10. Qxe2 0-0 11. Nc3 Re8 12. a4 Na6 13. Nc4 Nc7 14. Qd3 Qe7 15. Bg5 h6 16. Bh4 Qf8 17. f4 Nd7 18. Kh1 Bd4 19. Ne2 Bf6 20. Bxf6 Nxf6 21. Nc3 Rad8 22. Rad1 a6 23. Nb6 Qg7 24. Qf3 Nd7 25. Nxd7 Rxd7 26. f5 g5 27. f6 Qg6 28. Qg4 Rdd8 29. Rf5 Re5 30. Rdf1 Rxf5 31. Rxf5 b5 32. h4 gxh4 33. Qxh4 Kh7 34. Qh2 Rg8 35. Ne2 Ne8 36. Nf4 Qg3 37. Qxh6+ 1-0

[Event "Amstelveen"]
[Site "Amstelveen"]
[Date "1994.??.??"]
[Round "4"]
[White "Fries Nielsen, Jens Ove"]
[Black "Gelpke, Peter"]
[Result "1-0"]
[WhiteElo "2390"]
[BlackElo "2405"]
[PlyCount "75"]
[EventDate "1994.??.??"]
[EventType "tourn"]
[EventRounds "9"]
[EventCountry "NED"]
[EventCategory "6"]
[SourceTitle "EXT 1997"]
[Source "ChessBase"]
[SourceDate "1996.11.15"]
[SourceVersion "1"]
[SourceVersionDate "1996.11.15"]
[SourceQuality "1"]

1. b3 d5 2. Bb2 Bf5 3. e3 e6 4. Nf3 Nf6 5. Be2 h6 6. 0-0 Nbd7 7. c4 Bd6 8. d3 0-0 9. Nc3 a6 10. a3 Qe7 11. Nd2 Bh7 12. b4 c6 13. d4 e5 14. dxe5 Nxe5 15. cxd5 Nd3 16. Bxd3 Bxd3 17. Re1 cxd5 18. Nb3 Bc4 19. Nd4 Qc7 20. f4 Qd7 21. h3 Rfe8 22. Qd2 b5 23. g4 a5 24. bxa5 Bc7 25. Nf5 Bxa5 26. Qd4 Ra6 27. Kh2 Bb6 28. Qd2 Bc5 29. Rg1 h5 30. Nxg7 Rxe3 31. Nf5 Rxh3+ 32. Kxh3 hxg4+ 33. Kg2 Qxf5 34. Rae1 d4 35. Re5 Bd5+ 36. Nxd5 Qxe5 37. fxe5 Nxd5 38. Bxd4 1-0

[Event "NED-chT 9495"]
[Site "Netherlands"]
[Date "1994.??.??"]
[Round "3"]
[White "Glek, Igor Vladimirovich"]
[Black "Gelpke, Peter"]
[Result "1-0"]
[WhiteElo "2590"]
[BlackElo "2405"]
[PlyCount "89"]
[EventDate "1994.??.??"]
[EventType "team"]
[EventRounds "9"]
[EventCountry "NED"]
[SourceTitle "EXT 1998"]
[Source "ChessBase"]
[SourceDate "1997.11.17"]
[SourceVersion "1"]
[SourceVersionDate "1997.11.17"]
[SourceQuality "1"]

1. c4 g6 2. d4 Bg7 3. Nc3 d6 4. Nf3 c6 5. h3 Nh6 6. e4 f6 7. Be3 Na6 8. d5 Bd7 9. Be2 Nf7 10. 0-0 0-0 11. Qd2 Qc8 12. Rac1 c5 13. a3 b6 14. Ne1 Nc7 15. b4 Qa6 16. Nd3 Rae8 17. f4 Qc8 18. f5 Ne5 19. Nxe5 fxe5 20. g4 Rf7 21. Rf2 Ref8 22. Rcf1 Kh8 23. Kh2 Be8 24. Qc1 Na6 25. Qb2 Bd7 26. Nb1 gxf5 27. gxf5 Rg8 28. Rg2 Bf6 29. Rg4 Rfg7 30. Qd2 Nc7 31. Bh6 Ne8 32. Rfg1 Qa6 33. Bxg7+ Rxg7 34. Qh6 Kg8 35. R4g2 Rxg2+ 36. Rxg2+ Ng7 37. bxc5 bxc5 38. Nd2 Qc8 39. Nf3 Qf8 40. Ng5 Bxg5 41. Rxg5 Ba4 42. Rg1 Bc2 43. Bf3 Qf6 44. Qxf6 exf6 45. Rc1 1-0

[Event "Leeuwarden op"]
[Site "Leeuwarden"]
[Date "1992.??.??"]
[Round "3"]
[White "Gelpke, Peter"]
[Black "Brenninkmeijer, Joris"]
[Result "1-0"]
[WhiteElo "2405"]
[BlackElo "2485"]
[PlyCount "80"]
[EventDate "1992.08.??"]
[EventType "swiss"]
[EventRounds "9"]
[EventCountry "NED"]
[SourceTitle "EXT 1998"]
[Source "ChessBase"]
[SourceDate "1997.11.17"]
[SourceVersion "1"]
[SourceVersionDate "1997.11.17"]
[SourceQuality "1"]

1. d4 Nf6 2. c4 e6 3. Nf3 b6 4. Nc3 Bb7 5. g3 Bb4 6. Bd2 0-0 7. Bg2 d6 8. 0-0 Nbd7 9. a3 Bxc3 10. Bxc3 Be4 11. Nd2 Bxg2 12. Kxg2 c5 13. e4 cxd4 14. Bxd4 Qc7 15. Qe2 Qb7 16. f3 Rfc8 17. b4 a6 18. a4 Rc7 19. Rfb1 a5 20. Qd3 Qc6 21. b5 Qb7 22. Bxf6 Nxf6 23. Qxd6 Rd7 24. Qf4 e5 25. Qe3 Rad8 26. Nb3 Rd3 27. Qe1 Qc8 28. c5 bxc5 29. Ra2 c4 30. Nxa5 c3 31. Nc6 Qe6 32. Rf2 Ra8 33. Rc1 Rxa4 34. Rxc3 Rxc3 35. Qxc3 Nd7 36. Rd2 h6 37. Nd8 Qe8 38. Qc7 Nf6 39. b6 Rb4 40. b7 Qb5 1-0

[Event "Groningen op"]
[Site "Groningen"]
[Date "1991.??.??"]
[Round "9"]
[White "Gelpke, Peter"]
[Black "Beim, Valery"]
[Result "1-0"]
[WhiteElo "2385"]
[BlackElo "2480"]
[PlyCount "129"]
[EventDate "1991.12.??"]
[EventType "swiss"]
[EventRounds "9"]
[EventCountry "NED"]
[SourceTitle "CBM 026 Extra"]
[Source "ChessBase"]
[SourceDate "1992.03.01"]
[SourceVersion "1"]
[SourceVersionDate "1992.03.01"]
[SourceQuality "1"]

1. d4 d6 2. c4 f5 3. Nc3 Nf6 4. Nf3 g6 5. Bf4 Bg7 6. e3 0-0 7. Be2 c6 8. Qb3 Kh8 9. h3 Qa5 10. 0-0 h6 11. Bh2 g5 12. Qc2 Be6 13. a3 Nbd7 14. Bd3 Ne8 15. d5 cxd5 16. cxd5 Bxd5 17. b4 Qc7 18. Nxd5 Qxc2 19. Bxc2 Bxa1 20. Rxa1 e6 21. Ba4 Rd8 22. Nc3 Nb6 23. Bxe8 Rfxe8 24. Nb5 Nc8 25. Rd1 Kg8 26. g4 a6 27. Nbd4 fxg4 28. hxg4 Nb6 29. Nd2 Kf7 30. Ne4 Nc4 31. Rc1 d5 32. Nc5 Re7 33. a4 e5 34. Nf5 Rc7 35. Nxh6+ Kf6 36. Nf5 a5 37. Nd3 axb4 38. Nxb4 Ke6 39. Nd4+ Kf6 40. Nf5 Ke6 41. Nd4+ Kf6 42. Nf3 Rcc8 43. Rd1 d4 44. e4 Re8 45. Nd5+ Kg6 46. Rb1 d3 47. Rb3 d2 48. Rd3 Ra8 49. Nxd2 Nxd2 50. Rxd2 Rxa4 51. Rb2 Rxe4 52. Rb6+ Kg7 53. Rxb7+ Kg6 54. Rb6+ Kf7 55. Nf6 Re1+ 56. Kg2 Rh8 57. Nd7 Ke7 58. Bxe5 Rh4 59. Bg3 Rxg4 60. Nf6 Rd4 61. Nh7 g4 62. Bh4+ Ke8 63. Rb7 Re2 64. Nf6+ Kf8 65. Bg5 1-0

[Event "Groningen op"]
[Site "Groningen"]
[Date "1991.??.??"]
[Round "3"]
[White "Gelpke, Peter"]
[Black "Vaisser, Anatoli"]
[Result "1/2-1/2"]
[WhiteElo "2385"]
[BlackElo "2565"]
[PlyCount "99"]
[EventDate "1991.12.??"]
[EventType "swiss"]
[EventRounds "9"]
[EventCountry "NED"]
[SourceTitle "CBM 026 Extra"]
[Source "ChessBase"]
[SourceDate "1992.03.01"]
[SourceVersion "1"]
[SourceVersionDate "1992.03.01"]
[SourceQuality "1"]

1. d4 e6 2. c4 f5 3. Nc3 Nf6 4. e3 d5 5. Bd3 c6 6. Nge2 Bd6 7. f3 0-0 8. Qc2 Kh8 9. Bd2 Bd7 10. h3 dxc4 11. Bxc4 b5 12. Bd3 Nd5 13. Nxd5 Qh4+ 14. Kf1 cxd5 15. Qb3 a6 16. Bb4 Qe7 17. Bxd6 Qxd6 18. f4 Nc6 19. Kf2 Na5 20. Qc3 b4 21. Qc5 Qxc5 22. dxc5 Rfc8 23. Rhc1 Nb7 24. c6 Bxc6 25. Nd4 Nd8 26. a3 bxa3 27. Rxa3 Bb5 28. Rxc8 Rxc8 29. Bxb5 axb5 30. Ra5 b4 31. Rb5 Kg8 32. g4 fxg4 33. hxg4 h6 34. Kg3 Kf7 35. Rxb4 Nc6 36. Rb7+ Kf6 37. Nf3 g5 38. b4 Nd8 39. Rd7 Nf7 40. b5 Rc3 41. Kf2 Rc2+ 42. Ke1 gxf4 43. exf4 Rb2 44. Rb7 Rb4 45. f5 exf5 46. Rb6+ Ke7 47. Rb7+ Kf6 48. Rb6+ Ke7 49. Rb7+ Kf6 50. Rb6+ 1/2-1/2

[Event "Groningen op"]
[Site "Groningen"]
[Date "1991.??.??"]
[Round "4"]
[White "Renet, Olivier"]
[Black "Gelpke, Peter"]
[Result "1/2-1/2"]
[WhiteElo "2485"]
[BlackElo "2385"]
[PlyCount "88"]
[EventDate "1991.12.??"]
[EventType "swiss"]
[EventRounds "9"]
[EventCountry "NED"]
[SourceTitle "CBM 026 Extra"]
[Source "ChessBase"]
[SourceDate "1992.03.01"]
[SourceVersion "1"]
[SourceVersionDate "1992.03.01"]
[SourceQuality "1"]

1. e4 c6 2. d4 d5 3. Nc3 dxe4 4. Nxe4 Nd7 5. Ng5 Ngf6 6. Bd3 e6 7. N1f3 Bd6 8. 0-0 h6 9. Ne4 Nxe4 10. Bxe4 Nf6 11. Bd3 0-0 12. Qe2 Qc7 13. c4 b6 14. b3 Bb7 15. Bb2 Rfe8 16. Ne5 c5 17. dxc5 Bxc5 18. Rad1 Rad8 19. Kh1 Kf8 20. f4 Bd4 21. Ba3+ Kg8 22. Bb4 Nd7 23. Nf3 Bxf3 24. Qxf3 Nc5 25. Bc2 Bf6 26. Bd2 a5 27. Be3 Rxd1 28. Rxd1 g6 29. a3 Rd8 30. Rxd8+ Qxd8 31. Qd1 Qxd1+ 32. Bxd1 Bc3 33. g4 Kg7 34. Kg2 f5 35. h3 Kf6 36. Bc2 fxg4 37. hxg4 h5 38. Kh3 hxg4+ 39. Kxg4 e5 40. Bf2 exf4 41. Kxf4 Bb2 42. a4 g5+ 43. Kg4 Be5 44. Be3 Bf4 1/2-1/2

[Event "NED-ch44"]
[Site "Hilversum"]
[Date "1989.04.21"]
[Round "10"]
[White "Kuijf, Marinus"]
[Black "Gelpke, Peter"]
[Result "1-0"]
[WhiteElo "2485"]
[BlackElo "2395"]
[PlyCount "87"]
[EventDate "1989.04.10"]
[EventType "tourn"]
[EventRounds "11"]
[EventCountry "NED"]
[EventCategory "8"]
[SourceTitle "EXT 1997"]
[Source "ChessBase"]
[SourceDate "1996.11.15"]
[SourceVersion "1"]
[SourceVersionDate "1996.11.15"]
[SourceQuality "1"]

1. e4 c6 2. d4 d5 3. exd5 cxd5 4. c4 Nf6 5. Nc3 e6 6. Nf3 Be7 7. cxd5 Nxd5 8. Bd3 0-0 9. h4 f5 10. Bg5 Nc6 11. Rc1 Bf6 12. Bc4 Nb6 13. Bxf6 Qxf6 14. Bb3 Bd7 15. 0-0 Rad8 16. Re1 Bc8 17. Ne2 Kh8 18. Qc2 Rd6 19. Qc5 Rfd8 20. g3 Nd5 21. Ne5 b6 22. Qa3 Nde7 23. Nf4 Nxd4 24. Qxa7 Ndc6 25. Nxc6 Nxc6 26. Qa3 h6 27. Bd1 e5 28. Ng2 Bb7 29. Bf3 e4 30. Bh5 Ne5 31. Rc7 R6d7 32. Qc3 Rxc7 33. Qxc7 Rd7 34. Qb8+ Kh7 35. Nf4 g5 36. Rd1 Nd3 37. Bg6+ Kg7 38. Nh5+ Kxg6 39. Nxf6 Kxf6 40. Qf8+ Kg6 41. Qe8+ Rf7 42. h5+ Kg7 43. Qe6 f4 44. Qg6+ 1-0

[Event "NED-ch44 sf-B"]
[Site "Eindhoven"]
[Date "1988.11.27"]
[Round "7"]
[White "De Boer, Gert Jan"]
[Black "Gelpke, Peter"]
[Result "0-1"]
[WhiteElo "2385"]
[BlackElo "2395"]
[PlyCount "78"]
[EventDate "1988.11.05"]
[EventType "swiss"]
[EventRounds "7"]
[EventCountry "NED"]
[SourceTitle "EXT 2002"]
[Source "ChessBase"]
[SourceDate "2001.11.25"]
[SourceVersion "1"]
[SourceVersionDate "2001.11.25"]
[SourceQuality "1"]

1. Nf3 c6 2. c4 g6 3. Nc3 Bg7 4. d4 d6 5. e4 Nh6 6. Be2 f6 7. d5 Na6 8. 0-0 Nc7 9. Bd2 0-0 10. b4 Nf7 11. Qb3 f5 12. Rad1 e6 13. exf5 gxf5 14. dxe6 Nxe6 15. Rfe1 a5 16. a3 axb4 17. axb4 Bd7 18. Bf1 Qf6 19. Na4 Rad8 20. Bc3 Qg6 21. Nb6 Rfe8 22. Bxg7 Nxg7 23. Qc3 Be6 24. Nd4 Ng5 25. Kh1 Qf6 26. Qc2 Bf7 27. Qd3 Rxe1 28. Rxe1 Bg6 29. Nf3 Ne4 30. Kg1 Ne6 31. Nd2 Qg5 32. Nxe4 fxe4 33. Qc3 Rf8 34. Rd1 Qd8 35. c5 d5 36. Qh3 Qf6 37. Qg3 Qf7 38. h4 Nf4 39. Re1 Kh8 0-1

[Event "NED-ch43 sf-A"]
[Site "Eindhoven"]
[Date "1987.11.07"]
[Round "1"]
[White "Vogel, Jaap"]
[Black "Gelpke, Peter"]
[Result "1-0"]
[WhiteElo "2300"]
[BlackElo "2405"]
[PlyCount "75"]
[EventDate "1987.11.07"]
[EventType "swiss"]
[EventRounds "7"]
[EventCountry "NED"]
[SourceTitle "EXT 2002"]
[Source "ChessBase"]
[SourceDate "2001.11.25"]
[SourceVersion "1"]
[SourceVersionDate "2001.11.25"]
[SourceQuality "1"]

1. Nf3 g6 2. d4 Bg7 3. g3 d6 4. Bg2 Nf6 5. c4 0-0 6. 0-0 Nbd7 7. Qc2 e5 8. Rd1 Qe7 9. e4 c6 10. h3 exd4 11. Nxd4 Nc5 12. Nc3 Re8 13. Re1 Ng4 14. Nb3 Ne5 15. Nxc5 dxc5 16. f4 Nxc4 17. e5 Nd6 18. g4 f6 19. Be3 fxe5 20. Bxc5 Qc7 21. Rad1 Nf7 22. f5 gxf5 23. gxf5 Bd7 24. Ne4 Kh8 25. Rf1 Rg8 26. Kh1 Be8 27. Qf2 b6 28. Be3 Rd8 29. Qh4 Rxd1 30. Rxd1 h6 31. Bf3 c5 32. Rg1 Bc6 33. Rg6 Bxe4 34. Bxe4 Qd8 35. Qg4 Bf6 36. Kh2 Rxg6 37. Qxg6 Qe7 38. Bd5 1-0

[Event "NED-ch41"]
[Site "Hilversum"]
[Date "1986.06.19"]
[Round "11"]
[White "Ree, Hans"]
[Black "Gelpke, Peter"]
[Result "1-0"]
[WhiteElo "2455"]
[BlackElo "2385"]
[PlyCount "91"]
[EventDate "1986.06.06"]
[EventType "tourn"]
[EventRounds "11"]
[EventCountry "NED"]
[EventCategory "8"]
[SourceTitle "EXT 1999"]
[Source "ChessBase"]
[SourceDate "1998.11.16"]
[SourceVersion "1"]
[SourceVersionDate "1998.11.16"]
[SourceQuality "1"]

1. c4 Nf6 2. Nc3 g6 3. g3 Bg7 4. Bg2 d6 5. e4 0-0 6. Nge2 e5 7. 0-0 c6 8. d3 Nh5 9. Be3 Be6 10. h3 Nd7 11. Qd2 f5 12. exf5 gxf5 13. f4 Qe8 14. Kh2 Kh8 15. b3 Qg6 16. d4 e4 17. d5 cxd5 18. cxd5 Bg8 19. Rg1 Nhf6 20. Rac1 Nb6 21. Bd4 Nbxd5 22. Nb5 Qh6 23. Rgd1 Rfd8 24. Nec3 Nxc3 25. Bxc3 d5 26. Bf1 Qg6 27. Be5 a6 28. Nd4 Rac8 29. Qb4 Nh5 30. Bxg7+ Qxg7 31. Nxf5 Qf6 32. Qd4 Rc6 33. Rxc6 bxc6 34. Rc1 Rc8 35. Bxa6 Rc7 36. b4 Be6 37. Qxf6+ Nxf6 38. Nd4 Bd7 39. Nb5 Ne8 40. Nxc7 Nxc7 41. Bf1 d4 42. Rd1 d3 43. Bxd3 exd3 44. Rxd3 Be6 45. Rd6 Bxa2 46. Rxc6 1-0